[Event "PRO League Eastern 2017"]
[Site "chess.com INT"]
[Date "2017.01.11"]
[Round "1"]
[White "Bommini, Mounika Akshaya"]
[Black "Yakhiyayev, Abdikhadir"]
[Result "1-0"]
[WhiteTitle "WFM"]
[WhiteElo "1700"]
[BlackElo "2048"]
[WhiteTeam "Amaravati Yodhas"]
[BlackTeam "Shymkent Nomads"]
[WhiteFideId "25019872"]
[BlackFideId "13711113"]
[EventDate "2017.01.11"]

1. e4 c6 2. d4 d5 3. e5 Bf5 4. Nc3 e6 5. g4 Bg6 6. Nge2 h5 7. Nf4 Ne7 8. Nxg6
Nxg6 9. gxh5 Nh4 10. Qg4 Nf5 11. Bd3 Nh6 12. Qg3 Nd7 13. Ne2 c5 14. c3 Qb6 15.
f4 O-O-O 16. b3 Kb8 17. Be3 Rc8 18. Kd2 Qa5 19. f5 cxd4 20. Bxd4 Ka8 21. fxe6
fxe6 22. Qg6 Bc5 23. b4 Bxb4 24. cxb4 Qxb4+ 25. Ke3 Qe7 26. Nf4 Nc5 27. Bc2 Rhf8
28. Raf1 a6 29. Nh3 Rxf1 30. Rxf1 Qh4 31. Qg3 Qxh5 32. Nf4 Qe8 33. Qxg7 Ng8 34.
Ng6 Nd7 35. Bd3 Nc5 36. Bxc5 Qa4 37. Rf8 d4+ 38. Bxd4 Qc6 39. Rxc8+ Qxc8 40. Ne7
Qc1+ 41. Ke4 Qh1+ 42. Kf4 Qxh2+ 43. Qg3 Qxg3+ 44. Kxg3 Nxe7 45. Kf4 Kb8 46. Bc4
Nc6 47. Ke4 Nd8 48. Bb6 Nf7 49. Bxe6 Ng5+ 50. Kf5 Nf3 51. Bd5 Nh4+ 52. Kg5 Kc8
53. Kxh4 Kd7 54. e6+ Ke7 55. Bc5+ Kf6 56. e7 Ke5 57. Bb3 Kf6 58. e8=Q b6 59.
Qf7+ Ke5 60. Qe6+ Kf4 61. Bd6+ Kf3 62. Bd5+ Kf2 63. Qf5+ Ke1 64. Bb4+ Ke2 65.
Bc4+ Kd1 66. Qf2 1-0

[Event "PRO League Eastern 2017"]
[Site "chess.com INT"]
[Date "2017.01.11"]
[Round "1"]
[White "Bommini, Mounika Akshaya"]
[Black "Bigabylov, Zhuban"]
[Result "0-1"]
[WhiteTitle "WFM"]
[WhiteElo "1700"]
[BlackElo "2216"]
[WhiteTeam "Amaravati Yodhas"]
[BlackTeam "Shymkent Nomads"]
[WhiteFideId "25019872"]
[BlackFideId "13701495"]
[EventDate "2017.01.11"]

1. d4 Nf6 2. Bf4 g6 3. e3 Bg7 4. Nf3 O-O 5. Be2 d6 6. O-O Nfd7 7. h3 e5 8. Bg3
Nc6 9. c4 exd4 10. exd4 Nf6 11. Nc3 Bf5 12. d5 Ne7 13. Nd4 Bd7 14. Re1 Nf5 15.
Nxf5 Bxf5 16. Bd3 Bxd3 17. Qxd3 Nd7 18. f4 a6 19. Re2 Nc5 20. Qd2 Qf6 21. Bf2
Qf5 22. g4 Qd7 23. Rae1 Rae8 24. Kg2 Rxe2 25. Qxe2 Na4 26. Nd1 Nc5 27. Kf3 h5
28. b4 Na4 29. Qe3 Nb6 30. Qe2 hxg4+ 31. hxg4 Qa4 32. Bxb6 cxb6 33. Qd2 Rc8 34.
Ne3 Qa3 35. Rb1 Re8 36. Rb3 Qa4 37. b5 axb5 38. Rxb5 Qa7 39. Qb4 Bd4 40. Nc2 Bc5
41. Qb3 Qb8 42. Qd3 Qd8 43. f5 Qh4 44. Qf1 gxf5 45. gxf5 Qe4+ 46. Kg3 Qxc2 47.
Qf4 Re3+ 48. Kh4 Re4 0-1

[Event "PRO League Eastern 2017"]
[Site "chess.com INT"]
[Date "2017.01.11"]
[Round "1"]
[White "Hammer, Jon Ludvig"]
[Black "Neiksans, Arturs"]
[Result "0-1"]
[WhiteTitle "GM"]
[BlackTitle "GM"]
[WhiteElo "2628"]
[BlackElo "2627"]
[WhiteTeam "Norway Gnomes"]
[BlackTeam "Riga Magicians"]
[WhiteFideId "1503707"]
[BlackFideId "11601388"]
[EventDate "2017.01.11"]

1. e4 c5 2. Nf3 e6 3. d4 cxd4 4. Nxd4 a6 5. Nc3 Qc7 6. Qf3 Nf6 7. Qg3 Qxg3 8.
hxg3 d6 9. f3 Nc6 10. Nxc6 bxc6 11. g4 d5 12. g5 Nd7 13. Bd2 Bb4 14. O-O-O d4
15. Na4 Bxd2+ 16. Rxd2 e5 17. c3 c5 18. g3 Ra7 19. Rdh2 Bb7 20. Rxh7 Rxh7 21.
Rxh7 Bc6 22. b3 Bxa4 23. bxa4 g6 24. Kc2 Nb6 25. a5 Na4 26. Bc4 Nxc3 27. Rh8+
Ke7 28. Bxf7 Rb7 29. Bxg6 Rb4 30. Re8+ Kd7 31. Rxe5 c4 32. Be8+ Kd6 33. g6 Kxe5
34. g7 Nxa2 35. g8=Q d3+ 36. Kd1 Rb1+ 37. Kd2 Rb2+ 38. Ke1 d2+ 39. Ke2 Nc3+ 40.
Ke3 Nd1+ 41. Ke2 Nc3+ 42. Ke3 d1=Q 43. Qg7+ Kd6 44. Qxc3 Re2+ 45. Kf4 Qd2+ 46.
Qxd2+ Rxd2 47. Bg6 c3 48. e5+ Ke6 49. Bf5+ Ke7 50. Ke3 Rg2 51. g4 c2 52. Bxc2
Rxc2 53. f4 Ke6 54. Ke4 Rc4+ 55. Kf3 Ra4 56. Kg3 Rxa5 57. Kh4 Ra4 58. Kg5 a5 0-1

[Event "PRO League Eastern 2017"]
[Site "chess.com INT"]
[Date "2017.01.11"]
[Round "1"]
[White "Hammer, Jon Ludvig"]
[Black "Kantans, Toms"]
[Result "1/2-1/2"]
[WhiteTitle "GM"]
[BlackTitle "IM"]
[WhiteElo "2628"]
[BlackElo "2456"]
[WhiteTeam "Norway Gnomes"]
[BlackTeam "Riga Magicians"]
[WhiteFideId "1503707"]
[BlackFideId "11602945"]
[EventDate "2017.01.11"]

1. e4 c5 2. Nf3 d6 3. Bb5+ Nd7 4. O-O Nf6 5. Re1 a6 6. Bd3 e6 7. a4 Be7 8. a5 b5
9. axb6 Nxb6 10. e5 dxe5 11. Nxe5 Bb7 12. Nc3 Qc7 13. Qe2 O-O 14. b3 Nbd5 15.
Nxd5 exd5 16. Ng6 hxg6 17. Qxe7 Qb6 18. Ba3 Rac8 19. Qe3 Rfe8 20. Qf4 Ne4 21.
Re3 g5 22. Qg4 Qf6 23. Rf1 Nxd2 24. Rd1 Ne4 25. Bxe4 dxe4 26. h3 c4 27. Rg3 cxb3
28. Rxb3 Ba8 29. Bb2 Qf4 30. Bc1 Qxg4 31. hxg4 f6 32. Be3 Rxc2 33. Rd6 Rc6 34.
Rd7 Rce6 35. Ra7 Bd5 36. Ra3 Bc4 37. Rc3 Rc6 38. Kh2 Rec8 39. Kg3 Bb5 40. Rxc6
Rxc6 41. Bd2 Rd6 42. Bb4 Rd3+ 43. Kh2 e3 44. fxe3 Rxe3 45. Ra8+ Kh7 46. Ra7 Rd3
47. Bf8 Rd7 48. Ra8 Kg6 49. Kg3 Kf7 50. Bc5 Rc7 51. Bd6 Rc3+ 52. Kh2 Rd3 53.
Ra7+ Kg6 54. Bf8 Rd7 55. Ra8 Be2 56. Kg3 Rd3+ 57. Kf2 Bxg4 58. Rxa6 Rd2+ 59. Kg1
Bd7 60. Rd6 Rxd6 61. Bxd6 f5 62. g3 Kh5 63. Be5 g6 64. Kf2 Kg4 65. Bd6 f4 66.
Bc7 Bc6 67. Bb8 Kf5 68. Bc7 Ke4 69. Bb8 Bb7 70. Bc7 Kf5 71. Bb8 Bc6 72. Bc7 Bb7
73. Bb8 Bc6 74. Bc7 Bb7 75. Bb8 1/2-1/2

[Event "PRO League Eastern 2017"]
[Site "chess.com INT"]
[Date "2017.01.11"]
[Round "1"]
[White "Swayams, Mishra"]
[Black "Colovic, Aleksandar"]
[Result "0-1"]
[WhiteTitle "IM"]
[BlackTitle "GM"]
[WhiteElo "2491"]
[BlackElo "2443"]
[WhiteTeam "Odisha Express"]
[BlackTeam "Belgrade Sparrows"]
[WhiteFideId "5028183"]
[BlackFideId "15000729"]
[EventDate "2017.01.11"]

1. d4 Nf6 2. c4 e6 3. Nc3 Bb4 4. e3 O-O 5. Ne2 c6 6. a3 Ba5 7. Qc2 d5 8. cxd5
exd5 9. Nf4 Bc7 10. Bd3 Re8 11. O-O Nbd7 12. Bd2 Nf8 13. Rae1 Ng6 14. f3 Qd6 15.
g3 Nxf4 16. exf4 Bh3 17. Rxe8+ Rxe8 18. Re1 Rxe1+ 19. Bxe1 Bb6 20. Bf2 h5 21.
Ne2 Bd7 22. Kg2 Qe6 23. f5 Qe7 24. Kf1 Ne8 25. Nf4 Nf6 26. Qe2 Qd6 27. Qe5 Bc7
28. Qxd6 Bxd6 29. Be3 a5 30. Kg2 Kf8 31. Kh3 g5 32. Ne2 Nh7 33. g4 h4 34. f6
Nxf6 35. Bxg5 Nh5 36. Kxh4 Ng7 37. Bf4 Be7+ 38. Kg3 Ne6 39. Be3 c5 40. Bf5 c4
41. Bd2 Bd6+ 42. f4 Bc7 43. h4 Bb6 44. Bc3 Ba4 45. Bxe6 fxe6 46. Ng1 Bc7 47. Nf3
Bc2 48. h5 Kg7 49. g5 b5 50. h6+ Kg6 51. Nh4+ Kh7 52. Bd2 Be4 53. Kg4 Bd3 54.
Bc3 Be2+ 55. Kg3 Bd3 56. Bd2 Be2 57. Bc3 Bd3 58. Kf3 Be4+ 59. Kg4 Bd3 60. Bd2
Be2+ 61. Kg3 Bd3 62. Kf2 b4 63. axb4 axb4 64. Ke3 b3 65. Bb4 Be4 66. Kf2 Bxf4
67. Nf3 Bxf3 68. Kxf3 Bxg5 69. Bc3 Bxh6 70. Ke2 Kg6 71. Kf3 Kf5 0-1

[Event "PRO League Eastern 2017"]
[Site "chess.com INT"]
[Date "2017.01.11"]
[Round "1"]
[White "Swayams, Mishra"]
[Black "Svicevic, Rastko"]
[Result "1-0"]
[WhiteTitle "IM"]
[BlackTitle "FM"]
[WhiteElo "2491"]
[BlackElo "2189"]
[WhiteTeam "Odisha Express"]
[BlackTeam "Belgrade Sparrows"]
[WhiteFideId "5028183"]
[BlackFideId "916315"]
[EventDate "2017.01.11"]

1. d4 d5 2. c4 e6 3. Nf3 c6 4. e3 f5 5. Bd3 Nf6 6. O-O Bd6 7. b3 Qe7 8. a4 Ne4
9. Ba3 Bxa3 10. Nxa3 O-O 11. Nc2 a5 12. Ne5 Nd7 13. f4 Nxe5 14. fxe5 Bd7 15.
Bxe4 fxe4 16. Qg4 Rxf1+ 17. Rxf1 Rf8 18. Rxf8+ Qxf8 19. Qf4 Qe7 20. c5 Be8 21.
Qf2 Qd8 22. Qe1 Bh5 23. h3 h6 24. g4 Be8 25. Kg2 g5 26. b4 axb4 27. Qxb4 Qa8 28.
Kf2 Qa6 29. Ne1 Kg7 30. a5 Bf7 31. Qa4 Kg6 32. Qb4 Kg7 33. Qb6 Qc4 34. Ng2 Qa2+
35. Kg3 h5 36. Qd8 h4+ 37. Kh2 Bg6 38. Qxg5 Qxa5 39. Qf6+ Kh7 40. Qxh4+ Kg7 41.
Qf6+ Kh7 42. Qe7+ Kg8 43. Qxe6+ Bf7 44. Qc8+ Kg7 45. e6 1-0

[Event "PRO League Eastern 2017"]
[Site "chess.com INT"]
[Date "2017.01.11"]
[Round "1"]
[White "Tania, Sachdev"]
[Black "Jeran, Bostjan"]
[Result "1-0"]
[WhiteTitle "IM"]
[WhiteElo "2429"]
[BlackElo "2236"]
[WhiteTeam "Delhi Dynamite"]
[BlackTeam "Ljubljana Direwolves"]
[WhiteFideId "5007844"]
[BlackFideId "14604612"]
[EventDate "2017.01.11"]

1. d4 Nf6 2. c4 g6 3. f3 d5 4. cxd5 Nxd5 5. e4 Nb6 6. Nc3 Bg7 7. Be3 O-O 8. Qd2
Nc6 9. O-O-O Qd6 10. Kb1 Rd8 11. Nb5 Qd7 12. d5 Ne5 13. Rc1 c6 14. Nxa7 Qc7 15.
Nb5 Qd7 16. Bxb6 cxb5 17. Bxd8 Qxd8 18. Bxb5 Qb6 19. Be2 Qf2 20. Nh3 Qxg2 21.
Nf4 Nxf3 22. Qe3 Bd4 23. Qxf3 Qxf3 24. Bxf3 Be3 25. Nd3 Bxc1 26. Rxc1 1-0

[Event "PRO League Eastern 2017"]
[Site "chess.com INT"]
[Date "2017.01.11"]
[Round "1"]
[White "Tania, Sachdev"]
[Black "Lenic, Luka"]
[Result "0-1"]
[WhiteTitle "IM"]
[BlackTitle "GM"]
[WhiteElo "2429"]
[BlackElo "2641"]
[WhiteTeam "Delhi Dynamite"]
[BlackTeam "Ljubljana Direwolves"]
[WhiteFideId "5007844"]
[BlackFideId "14603853"]
[EventDate "2017.01.11"]

1. d4 Nf6 2. c4 e6 3. Nf3 b6 4. a3 Bb7 5. Nc3 d5 6. cxd5 Nxd5 7. Qc2 Be7 8. e4
Nxc3 9. bxc3 O-O 10. Bd3 c5 11. O-O Qc7 12. Qe2 Nd7 13. e5 Rfd8 14. Be4 Rac8 15.
Bg5 Nf8 16. Rfd1 h6 17. Bxe7 Qxe7 18. a4 Bxe4 19. Qxe4 Qc7 20. Qg4 cxd4 21. cxd4
Qc3 22. Qf4 Ng6 23. Qe4 Ne7 24. h4 Nd5 25. Nd2 Qb4 26. Nf3 Qc3 27. Nd2 Qb2 28.
Rab1 Qa3 29. Rb3 Qxa4 30. Qg4 Nc3 31. Rxc3 Rxc3 32. Ne4 Rc7 33. d5 Rc4 34. Re1
Rxd5 35. Nf6+ Kh8 36. Qh5 Rd7 37. Nxd7 Qxd7 38. Re3 Qe7 39. g3 Rc1+ 40. Kh2 Qb7
41. Rf3 Kg8 42. g4 Qxf3 0-1

[Event "PRO League Eastern 2017"]
[Site "chess.com INT"]
[Date "2017.01.11"]
[Round "1"]
[White "Bakre, Tejas"]
[Black "Sebenik, Matej"]
[Result "1/2-1/2"]
[WhiteTitle "GM"]
[BlackTitle "GM"]
[WhiteElo "2457"]
[BlackElo "2534"]
[WhiteTeam "Delhi Dynamite"]
[BlackTeam "Ljubljana Direwolves"]
[WhiteFideId "5004195"]
[BlackFideId "14602296"]
[EventDate "2017.01.11"]

1. d4 e6 2. c4 Bb4+ 3. Nc3 Nf6 4. Nf3 O-O 5. e3 d5 6. Bd3 c5 7. O-O cxd4 8. exd4
dxc4 9. Bxc4 a6 10. Bg5 b5 11. Bd3 Bb7 12. Ne4 Be7 13. Nc5 Bd5 14. Ne5 h6 15.
Bh4 Nc6 16. Nxc6 Bxc6 17. Re1 Qd5 18. Ne4 Qxd4 19. Nxf6+ Bxf6 20. Bxf6 Qxf6 21.
Qe2 Qg5 22. Be4 Bxe4 23. Qxe4 Rfd8 24. g3 Qd5 25. a4 Rac8 26. axb5 axb5 27. Qxd5
Rxd5 28. Re2 g5 29. Ra7 Rc4 30. h3 h5 31. Kg2 Rb4 32. Rb7 Rb3 33. Rc2 Rf5 34.
Rbc7 Kg7 35. R7c3 Rxc3 36. Rxc3 Kg6 37. Rc7 Rd5 38. Rb7 f5 39. b4 h4 40. gxh4
gxh4 41. Kf3 Kf6 42. Ke3 e5 43. Rb8 Ke7 44. Rb6 Kd7 45. f3 Kc7 46. Rf6 Rd4 47.
Rxf5 Kd6 48. f4 Rxf4 49. Rxf4 exf4+ 50. Kxf4 Kd5 51. Kg4 Kc4 52. Kxh4 Kxb4 53.
Kg5 Kc5 54. h4 1/2-1/2

[Event "PRO League Eastern 2017"]
[Site "chess.com INT"]
[Date "2017.01.11"]
[Round "1"]
[White "Balabaev, Timur"]
[Black "Kotepalli, Sai Nirupama"]
[Result "1-0"]
[WhiteTitle "IM"]
[BlackTitle "WFM"]
[WhiteElo "2393"]
[BlackElo "1978"]
[WhiteTeam "Shymkent Nomads"]
[BlackTeam "Amaravati Yodhas"]
[WhiteFideId "13700847"]
[BlackFideId "5039444"]
[EventDate "2017.01.11"]

1. e4 c5 2. Nf3 e6 3. d4 cxd4 4. Nxd4 Nf6 5. Nc3 Nc6 6. Ndb5 Bb4 7. a3 Bxc3+ 8.
Nxc3 d5 9. exd5 exd5 10. Bd3 d4 11. Ne2 O-O 12. O-O Qd5 13. b4 a6 14. Bb2 Rd8
15. Re1 b6 16. Qd2 Bb7 17. f3 Rac8 18. Rad1 Rc7 19. c4 dxc3 20. Bxc3 Qh5 21. Ng3
Qh4 22. Nf5 Qh5 23. Nxg7 Kxg7 24. Qf4 Nd4 25. Qxc7 Nxf3+ 26. gxf3 Qxf3 27. Qg3+ 1-0

[Event "PRO League Eastern 2017"]
[Site "chess.com INT"]
[Date "2017.01.11"]
[Round "1"]
[White "Balabaev, Timur"]
[Black "Bommini, Mounika Akshaya"]
[Result "1/2-1/2"]
[WhiteTitle "IM"]
[BlackTitle "WFM"]
[WhiteElo "2393"]
[BlackElo "1700"]
[WhiteTeam "Shymkent Nomads"]
[BlackTeam "Amaravati Yodhas"]
[WhiteFideId "13700847"]
[BlackFideId "25019872"]
[EventDate "2017.01.11"]

1. e4 Nc6 2. Nf3 d6 3. d4 Nf6 4. Nc3 Bg4 5. Be3 e5 6. d5 Ne7 7. h3 Bd7 8. Qd2
Ng6 9. h4 h5 10. O-O-O c5 11. Bg5 a6 12. Re1 b5 13. Kb1 Qc7 14. g3 c4 15. Nd1 a5
16. Bxf6 gxf6 17. Ne3 Bh6 18. Bh3 b4 19. Bxd7+ Kxd7 20. c3 Rab8 21. Ka1 Ne7 22.
Rd1 Qc5 23. Rhe1 Rb7 24. Qc2 b3 25. Qe2 Bxe3 26. Qxe3 Qxe3 27. Rxe3 bxa2 28. Nd2
Rc8 29. Kxa2 f5 30. exf5 Nxd5 31. Re2 Ne7 32. Re4 Nxf5 33. Nxc4 Ke6 34. Kb1 Rc5
35. Kc2 f6 36. Nd2 d5 37. Ra4 Rcb5 38. Ra2 Rc7 39. Re1 Nd4+ 40. Kd1 Nc6 41. Ke2
Ne7 42. Rea1 Nc6 43. Kd3 d4 44. Nc4 f5 45. f3 Ra7 46. Na3 Rb3 47. Nc2 Rb5 48. b4
dxc3 49. bxa5 Rbxa5 50. Rxa5 Rxa5 51. Rxa5 Nxa5 52. Kxc3 Nc6 53. Kc4 Ne7 54. Kd3
Ng6 55. Ke2 f4 56. Kf2 Kf5 57. Nb4 fxg3+ 58. Kxg3 e4 59. fxe4+ Kxe4 60. Nc6 Nxh4
61. Kxh4 Kf4 62. Kxh5 1/2-1/2

[Event "PRO League Eastern 2017"]
[Site "chess.com INT"]
[Date "2017.01.11"]
[Round "1"]
[White "Vertetics, Attila"]
[Black "Kunte, Abhijit"]
[Result "1-0"]
[WhiteTitle "IM"]
[BlackTitle "GM"]
[WhiteElo "2416"]
[BlackElo "2491"]
[WhiteTeam "Budapest Gambit"]
[BlackTeam "Mumbai Movers"]
[WhiteFideId "723720"]
[BlackFideId "5002265"]
[EventDate "2017.01.11"]

1. d4 Nf6 2. Nf3 b6 3. c4 e6 4. a3 Bb7 5. Nc3 g6 6. Qc2 Bg7 7. e4 O-O 8. Bd3 d6
9. O-O Nc6 10. h3 h6 11. Re1 Nh5 12. Ne2 Rc8 13. g4 Nf6 14. Ng3 Nd7 15. Be3 e5
16. d5 Nd4 17. Qd1 c5 18. Kg2 Rc7 19. Rb1 Bc8 20. b4 Qe7 21. Qd2 Kh7 22. Ng1 Nf6
23. f3 Bd7 24. N1e2 Ng8 25. Rh1 Qh4 26. Bf2 Qf6 27. Nxd4 cxd4 28. h4 Qe7 29.
Rbc1 Rfc8 30. b5 h5 31. g5 f6 32. a4 Bf8 33. f4 exf4 34. Qxf4 Bg7 35. Nxh5 Rf8
36. Nxg7 1-0

[Event "PRO League Eastern 2017"]
[Site "chess.com INT"]
[Date "2017.01.11"]
[Round "1"]
[White "Vertetics, Attila"]
[Black "Kulkarni, Vikramaditya"]
[Result "1-0"]
[WhiteTitle "IM"]
[BlackTitle "IM"]
[WhiteElo "2416"]
[BlackElo "2285"]
[WhiteTeam "Budapest Gambit"]
[BlackTeam "Mumbai Movers"]
[WhiteFideId "723720"]
[BlackFideId "5009847"]
[EventDate "2017.01.11"]

1. d4 Nf6 2. Nf3 g6 3. Bf4 Bg7 4. e3 O-O 5. Be2 d6 6. h3 Nbd7 7. O-O Qe8 8. Bh2
e5 9. c4 c6 10. Nc3 a6 11. b4 Kh8 12. a4 e4 13. Nd2 d5 14. Qb3 Qe6 15. b5 Rd8
16. Bc7 Re8 17. a5 Nf8 18. bxc6 bxc6 19. Na4 N6d7 20. Rfc1 f5 21. Nb6 Nxb6 22.
axb6 Bb7 23. cxd5 cxd5 24. Qb4 Qf7 25. Nb3 f4 26. Na5 f3 27. Bf1 Bc8 28. b7 Bxh3
29. gxh3 Qf5 30. bxa8=Q Rxa8 31. Nc6 h5 32. Qe7 Bf6 33. Be5 Qg5+ 34. Kh1 Nh7 35.
Bxf6+ Nxf6 36. Ne5 1-0

[Event "PRO League Eastern 2017"]
[Site "chess.com INT"]
[Date "2017.01.11"]
[Round "1"]
[White "Bigabylov, Zhuban"]
[Black "Gundepudi, Harisurya Bharadwaj"]
[Result "1-0"]
[WhiteElo "2216"]
[BlackElo "1531"]
[WhiteTeam "Shymkent Nomads"]
[BlackTeam "Amaravati Yodhas"]
[WhiteFideId "13701495"]
[BlackFideId "35040243"]
[EventDate "2017.01.11"]

1. d4 Nf6 2. c4 g6 3. Nc3 d5 4. cxd5 Nxd5 5. e4 Nxc3 6. bxc3 Bg7 7. Nf3 c5 8.
Rb1 O-O 9. Be2 Nc6 10. d5 Bxc3+ 11. Bd2 Bxd2+ 12. Qxd2 Nb8 13. h4 h5 14. Qh6
Qa5+ 15. Kf1 Qc3 16. e5 Qc2 17. Re1 f6 18. e6 Na6 19. Rh3 Nc7 20. Rg3 Bxe6 21.
Rxg6+ Kf7 22. Rg7+ Ke8 23. dxe6 a6 24. Qxh5+ Kd8 25. Rd1+ Kc8 26. Rxe7 Rd8 27.
Red7 Nxe6 28. Qd5 Re8 29. Qxb7# 1-0

[Event "PRO League Eastern 2017"]
[Site "chess.com INT"]
[Date "2017.01.11"]
[Round "1"]
[White "Bigabylov, Zhuban"]
[Black "Murali, Krishna G."]
[Result "1-0"]
[WhiteElo "2216"]
[BlackElo "2068"]
[WhiteTeam "Shymkent Nomads"]
[BlackTeam "Amaravati Yodhas"]
[WhiteFideId "13701495"]
[BlackFideId "5018030"]
[EventDate "2017.01.11"]

1. d4 Nc6 2. Nf3 d5 3. c4 Bg4 4. Nc3 Nf6 5. cxd5 Bxf3 6. dxc6 Bxc6 7. f3 e6 8.
e4 Bb4 9. Be2 Qd7 10. O-O Rd8 11. Be3 O-O 12. Qe1 a6 13. Rd1 Ba4 14. Rd2 Qc6 15.
Qc1 Rd7 16. Rd3 Rfd8 17. Nxa4 Qxa4 18. Qc4 Qa5 19. a3 Be7 20. b4 Qb5 21. Rc3
Qxc4 22. Rxc4 c6 23. Rb1 Ne8 24. a4 Nd6 25. Rc2 Ne8 26. b5 cxb5 27. axb5 a5 28.
b6 Bb4 29. Bb5 Rd6 30. Rbc1 Rxb6 31. Rc8 Rxc8 32. Rxc8 Rxb5 33. Rxe8+ Bf8 34.
Bf4 Rb6 35. Bc7 Rc6 36. Bxa5 Rc1+ 37. Kf2 Rb1 38. Bc7 f6 39. Bd6 Kf7 40. Rxf8+
Kg6 41. g4 Rb2+ 42. Kg3 Rb6 43. Bc5 Rc6 44. Rb8 Rc7 45. h4 h5 46. Kf4 e5+ 47.
Ke3 exd4+ 48. Bxd4 hxg4 49. fxg4 Kf7 50. Kf4 g6 51. h5 gxh5 52. gxh5 Rd7 53. Be3
Ke6 54. h6 Rh7 55. Rg8 Rxh6 56. Rb8 Rh7 57. Bd4 Rh4+ 58. Ke3 Rh3+ 59. Ke2 Rh2+
60. Kd3 Rh3+ 61. Be3 Rh7 62. Re8+ Kd7 63. Rf8 Ke7 64. Bc5+ Ke6 65. Kd4 Rd7+ 66.
Ke3 Rc7 67. Bd4 Rf7 68. Rxf7 Kxf7 69. Kf4 Ke6 70. Bb6 Kd6 71. Kf5 Kc6 72. Bd4 1-0

[Event "PRO League Eastern 2017"]
[Site "chess.com INT"]
[Date "2017.01.18"]
[Round "2"]
[White "Gupta, Abhijeet"]
[Black "Mohammad, Nubairshah Shaikh"]
[Result "1-0"]
[WhiteTitle "GM"]
[BlackTitle "IM"]
[WhiteElo "2645"]
[BlackElo "2412"]
[WhiteTeam "Delhi Dynamite"]
[BlackTeam "Mumbai Movers"]
[WhiteFideId "5010608"]
[BlackFideId "5053196"]
[EventDate "2017.01.11"]

1. d4 d5 2. c4 c6 3. Nf3 Nf6 4. Nc3 dxc4 5. a4 Bf5 6. Ne5 Nbd7 7. Nxc4 Qc7 8. g3
e5 9. dxe5 Nxe5 10. Bf4 Nfd7 11. Bg2 f6 12. O-O Nc5 13. Ne3 Bg6 14. b4 Ne6 15.
Qb3 Nd4 16. Qb2 Rd8 17. Ncd5 Ndf3+ 18. Bxf3 cxd5 19. Nxd5 Nxf3+ 20. exf3 Qc2 21.
Qd4 Qd3 22. Rad1 Qxd4 23. Rxd4 Kf7 24. a5 Bd6 25. Rfd1 Bc2 26. R1d2 Bxf4 27.
Nxf4 Rxd4 28. Rxd4 Ba4 29. h4 Bc6 30. Kg2 Re8 31. Nd3 Re2 32. g4 Rd2 33. Ne5+
fxe5 34. Rxd2 Ke6 35. Kg3 h6 36. f4 e4 37. h5 b6 38. axb6 axb6 39. Rd8 b5 40.
Rg8 Kf7 41. Rc8 Bd5 42. Rc5 Bc4 43. Rc7+ Kf6 44. Rc6+ Kf7 45. g5 Be2 46. gxh6
gxh6 47. Rxh6 Kg7 48. Rg6+ Kf7 49. Kh4 Bd3 50. Rd6 Kg7 51. Kg5 Kh7 52. f5 1-0

[Event "PRO League Eastern 2017"]
[Site "chess.com INT"]
[Date "2017.01.18"]
[Round "2"]
[White "Gupta, Abhijeet"]
[Black "Swapnil, S. Dhopade"]
[Result "1/2-1/2"]
[WhiteTitle "GM"]
[BlackTitle "GM"]
[WhiteElo "2645"]
[BlackElo "2527"]
[WhiteTeam "Delhi Dynamite"]
[BlackTeam "Mumbai Movers"]
[WhiteFideId "5010608"]
[BlackFideId "5019184"]
[EventDate "2017.01.11"]

1. d4 Nf6 2. Bf4 d5 3. e3 c5 4. Nf3 Nc6 5. Nbd2 e6 6. c3 Bd6 7. Bg3 O-O 8. Bb5
Be7 9. Bd3 Nh5 10. Ne5 g6 11. f4 cxd4 12. exd4 Nxe5 13. fxe5 f5 14. exf6 Bxf6
15. Nf3 Nxg3 16. hxg3 Qd6 17. Qe2 Qxg3+ 18. Kd2 Bd7 19. Rae1 Rae8 20. Kc2 Re7
21. Kb1 a6 22. Rh3 Qc7 23. Rh6 Qf4 24. Reh1 e5 25. dxe5 Bxe5 26. R6h4 Qf6 27.
Nxe5 Rxe5 28. Qd2 Rf7 29. a3 Bf5 30. Ka1 Bxd3 31. Qxd3 Qe6 32. Rd1 Re4 33. Rhh1
Rf5 34. Rhf1 Rxf1 35. Qxf1 b5 36. Qf2 h5 37. Qd2 Re5 38. Qf2 Kh7 39. Qa7+ Kh6
40. Qd4 g5 41. Ka2 h4 42. Rd3 Re4 43. Qh8+ Kg6 44. Rd4 Rxd4 45. cxd4 Kf5 46.
Qh7+ Kf4 47. Qg7 Kg4 48. a4 bxa4 49. Ka3 Qc6 50. Qf8 Kh5 51. Qh8+ Kg6 52. Qe5
Qd7 53. Ka2 Kh5 54. Qf6 Qb7 55. Qf3+ Kg6 56. Qe2 Qc6 57. Ka3 a5 58. Qe7 Qb5 59.
Qe6+ Kg7 60. Qe7+ Kg6 61. Qe6+ Kg7 62. Qe7+ Kg6 63. Qe6+ Kh5 64. Qf7+ Kh6 65.
Qf6+ Kh5 66. Qf7+ Kh6 67. Qf6+ Kh5 68. Qf7+ Kh6 1/2-1/2

[Event "PRO League Eastern 2017"]
[Site "chess.com INT"]
[Date "2017.01.18"]
[Round "2"]
[White "Padmini, Rout"]
[Black "Dhulipalla, Bala Chandra Prasad"]
[Result "0-1"]
[WhiteTitle "IM"]
[WhiteElo "2387"]
[BlackElo "2353"]
[WhiteTeam "Odisha Express"]
[BlackTeam "Amaravati Yodhas"]
[WhiteFideId "5029295"]
[BlackFideId "25005812"]
[EventDate "2017.01.11"]

1. e4 Nc6 2. d4 e5 3. d5 Nce7 4. c4 Ng6 5. Be3 Nf6 6. f3 Bb4+ 7. Nd2 Qe7 8. g3
O-O 9. Ne2 Bc5 10. Qb3 c6 11. Bg2 b5 12. cxb5 Bxe3 13. Qxe3 cxd5 14. Rc1 Rb8 15.
a4 d4 16. Qb3 Rd8 17. Nc4 Bb7 18. Na5 Ba8 19. O-O d5 20. Nc6 Bxc6 21. Rxc6 Qd7
22. Rfc1 Rb7 23. exd5 Nxd5 24. f4 Ne3 25. Be4 exf4 26. Bxg6 hxg6 27. Nxf4 d3 28.
Nxd3 Qxd3 29. Qxd3 Rxd3 30. Rc8+ Kh7 31. R1c7 Rd7 32. Rc3 Nf5 33. g4 Nh4 34. g5
Rd4 35. Re8 Rg4+ 36. Kf1 Rxg5 37. Rcc8 Rf5+ 38. Ke2 Kh6 39. Rc4 Kg5 40. Ree4 Nf3
41. h4+ Kh5 42. Re8 Re5+ 43. Rxe5+ Nxe5 44. Rc5 f6 45. a5 Kxh4 46. a6 Rb6 47.
Rc7 Rxb5 48. Rxa7 Rxb2+ 49. Ke3 Ra2 50. Ke4 Ra5 51. Ra8 Kg5 52. Kd4 Kf5 53. Kc3
g5 54. Kb4 Nc6+ 55. Kc4 g4 0-1

[Event "PRO League Eastern 2017"]
[Site "chess.com INT"]
[Date "2017.01.18"]
[Round "2"]
[White "Colovic, Aleksandar"]
[Black "Orosz, Andras"]
[Result "0-1"]
[WhiteTitle "GM"]
[BlackTitle "FM"]
[WhiteElo "2443"]
[BlackElo "2323"]
[WhiteTeam "Belgrade Sparrows"]
[BlackTeam "Budapest Gambit"]
[WhiteFideId "15000729"]
[BlackFideId "760498"]
[EventDate "2017.01.11"]

1. e4 e6 2. d4 d5 3. e5 c5 4. c3 Nc6 5. Nf3 Bd7 6. Bd3 Rc8 7. dxc5 Bxc5 8. O-O
Nge7 9. b4 Bb6 10. Na3 Ng6 11. Bg5 f6 12. exf6 gxf6 13. Bh6 Kf7 14. Nb5 Qe7 15.
Re1 a6 16. Nbd4 Bxd4 17. Nxd4 Qd6 18. a4 Nce5 19. Re3 Rxc3 20. Bxg6+ hxg6 21.
Rxc3 Rxh6 22. Nf3 Nxf3+ 23. Rxf3 Qxh2+ 24. Kf1 Qh1+ 25. Ke2 Qxd1+ 26. Rxd1 Bxa4
27. Rc1 Bc6 28. Rh3 Rxh3 29. gxh3 e5 30. h4 Ke6 31. Rg1 Kf5 32. f3 d4 33. Kf2
Bb5 34. Rc1 Bc6 35. Rg1 Be8 36. Rc1 Kf4 37. Rg1 f5 38. Ke2 Bb5+ 39. Kf2 e4 40.
fxe4 fxe4 41. Rxg6 e3+ 42. Ke1 d3 43. Rd6 d2+ 44. Kd1 Kg4 45. Rd4+ Kf3 0-1